Statistics for Cities of Algeria

Click here to take the quiz!

General Stats

  • This quiz has been taken 425 times
  • The average score is 11 of 38

Answer Stats

Population Answer % Correct
2,364,230Algiers
90%
803,329Oran
87%
448,028Constantine
70%
342,703Annaba
55%
252,127Setif
45%
173,531Tlemcen
45%
176,139Bejaia
43%
331,779Blida
39%
289,504Batna
36%
204,661Biskra
30%
155,134Chlef
28%
165,241Bechar
28%
162,885Mostaganem
28%
131,513Jijel
27%
142,913Ghardaia
27%
182,903Skikda
27%
178,915Tiaret
24%
169,927Ouargla
24%
194,461Tebessa
24%
150,000Tindouf
23%
108,629Mascara
23%
120,004Guelma
22%
142,497Saida
22%
210,146Sidi Bel Abbes
22%
145,471Medea
22%
265,833Djelfa
21%
134,372Laghouat
19%
186,525El Oued
19%
114,472Khenchela
17%
123,255Relizane
17%
153,479Souk Ahras
17%
132,975M'Sila
17%
143,270Touggourt
16%
104,312Tizi Ouzu
13%
145,380El Eulma
12%
111,787Bousaada
11%
116,064Ain Beida
10%
158,812Bordj Bou Areridj
8%

Score Distribution

Percentile by Number Answered

Percent of People with Each Score

Your Score History

You have not taken this quiz